|
|
|
|
| LEADER |
01033nam a22002777a 4500 |
| 001 |
39325 |
| 003 |
BD-DhAAL |
| 008 |
220811t20152015nyua\\\\ b\\\\001\0\eng\d |
| 999 |
|
|
|c 44266
|d 44266
|
| 020 |
|
|
|a 9780230391956
|
| 020 |
|
|
|a 9780230391963
|
| 040 |
|
|
|a BD-DhAAL
|c BD-DhAAL
|
| 082 |
|
|
|a 355.033
|2 23
|
| 100 |
|
|
|a Jarvis, Lee,
|d author.
|9 43885
|
| 245 |
|
|
|a Security :
|b a critical introduction /
|c Lee Jarvis & Jack Holland.
|
| 260 |
|
|
|a New York :
|b Palgrave Macmillan,
|c c2015.
|
| 300 |
|
|
|a xii, 284 pages :
|b illustrations ;
|c 24 cm.
|
| 504 |
|
|
|a Includes bibliographical references and index.
|
| 526 |
|
|
|a ARC
|
| 541 |
|
|
|a Trim Education
|e 39325
|
| 650 |
|
|
|a Security, International.
|9 43886
|
| 650 |
|
|
|a Social sciences.
|9 50801
|
| 700 |
|
|
|a Holland, Jack,
|e author.
|9 43888
|
| 852 |
|
|
|a Ayesha Abed Library
|c General Stacks
|
| 942 |
|
|
|2 ddc
|c BK
|
| 952 |
|
|
|0 0
|1 0
|2 ddc
|4 0
|6 355_033000000000000_JAR
|7 0
|9 71573
|a BRACUL
|b BRACUL
|c GEN
|d 2022-08-04
|e Trim Education
|g 3225.00
|l 0
|o 355.033 JAR
|p 3010039325
|r 2022-08-04
|t 1
|v 3225.00
|w 2022-08-04
|y BK
|